000 00630nam a2200241 a 4500
001 8785
003 CO-ViMGA
008 141112s2004 ck r 000 u spa d
020 _a8480550141
040 _aCO-ViMGA
_bspa
_cCO-ViMGA
082 0 4 _aR574 A75m
245 1 0 _aATLAS DE BIOLOGIA :
_bLOS MECANISMOS DE LA VIDA
260 _aMADRID,
_cCULTURAL,
_c1992
300 _a112 p, il, 35 cm
650 1 4 _aBIOLOGIA - ATLAS
_98871
650 1 4 _aBIOMAS
_98872
650 1 4 _aBIOSFERA
_98873
650 1 4 _aCELULA
_98874
650 1 4 _aETOLOGIA
_98875
650 1 4 _aGENética
_98876
650 1 4 _aPALEONTOLOGIA
_98877
942 _2ddc
_cBK
999 _c10172
_d10172